000 00631nam a2200217Ia 4500
003 GCL
008 140319s9999 xx 000 0 ara d
040 _aGCL /
_cGCL
082 0 4 _aط
_b398.2
_bد م
100 1 _aعفاف عبدالبارى
245 1 0 _aجحا والسلطان /
_cعفاف عبدالبارى
700 1 _aرجاء عبدالله
260 _a[S.N] :
_bدار الجيل
300 _a32 ص
490 _aمغامرات الجيل الضاحكة
_v0
650 0 4 _aالاطفال
650 0 4 _aالادب الشعبى
650 0 4 _aالقصص
650 0 4 _aالقصص الشعبية
942 _2ddc
_cBK
999 _c58321
_d58321